Bois ou cuivre ? - Statistiques

Statistiques générales
  • Ce quiz a été pris 214 fois
  • Le résultat moyen est 13 sur 20
Statistiques - réponses
Question Réponse % Correct
Clarinette Bois
93%
Trombone Cuivre
93%
Trompette Cuivre
90%
Tuba Cuivre
85%
Cor d'harmonie Cuivre
83%
Flûte traversière Bois
80%
Hautbois Bois
78%
Cornemuse Bois
78%
Trompe de chasse Cuivre
70%
Accordéon Bois
68%
Basson Bois
63%
Ocarina Bois
63%
Orgue Bois
60%
Cor des Alpes Cuivre
58%
Vuvuzela Cuivre
53%
Harmonica Bois
50%
Saxophone Bois
48%
Serpent Cuivre
45%
Cor anglais Bois
35%
Didgeridoo Cuivre
20%
Aucun quiz correspondant
Distribution des résultats
% des personnes avec chaque résultat
Percentile par nombre de réponses
Votre historique - résultats
Vous n’avez pas pris ce quiz